000 00692nam a2200253Ia 4500
003 OSt
005 20221007075156.0
006 a|||||r|||| 00| 0
007 ta
008 221006b |||||||| |||| 00| 0 eng d
024 _a35,205
037 _cReference Collections
040 _aFLL
_cFLL
_beng
041 _2eng
_aeng
082 _aY6.2, P6
100 _aBaquer Ali
245 0 _aDisability challenges vs responses
250 _a2nd
260 _aNew Delhi
_bConcerned Action Now (CAN) India
_c2006
300 _axviii,531p
_ccm.
700 _a Sharma Anjali
942 _hY6.2, P6
_cREF
_2CC
999 _c1155087
_d1155087